ბათუმის შოთა რუსთაველის სახელმწიფო უნივერსიტეტის ბიბლიოთეკა

რაჭა- ლეჩხუმის ვაზის ჯიშები (ბიბ.ჩანაწერი № 44565)

000 -LEADER
fixed length control field 00890nam a2200217Ia 4500
001 - CONTROL NUMBER
control field 11368
003 - CONTROL NUMBER IDENTIFIER
control field GE_BSU
008 - FIXED-LENGTH DATA ELEMENTS--GENERAL INFORMATION
fixed length control field 181216s||||||||xx |||||||||||||| ||und||
040 ## - CATALOGING SOURCE
Transcribing agency GE_BSU
080 ## - UNIVERSAL DECIMAL CLASSIFICATION NUMBER
Universal Decimal Classification number 634.836(479.22)
100 ## - MAIN ENTRY--PERSONAL NAME
Personal name მიროტაძე ალექსანდრე , ბრეგვაძე მაკარ
245 ## - TITLE STATEMENT
Title რაჭა- ლეჩხუმის ვაზის ჯიშები
245 ## - TITLE STATEMENT
Statement of responsibility, etc. რედ: მ. რამიშვილი, რ. კიკაჩეიშვილი, მხატვრ. მ. მათიაშვილი
260 ## - PUBLICATION, DISTRIBUTION, ETC.
Place of publication, distribution, etc. თბილისი.
260 ## - PUBLICATION, DISTRIBUTION, ETC.
Name of publisher, distributor, etc. საბჭოთა საქართველო.
260 ## - PUBLICATION, DISTRIBUTION, ETC.
Date of publication, distribution, etc. 1972
300 ## - PHYSICAL DESCRIPTION
Extent 179გვ.19სმ.
300 ## - PHYSICAL DESCRIPTION
Accompanying material ილ. ცხრილები
653 ## - INDEX TERM--UNCONTROLLED
Uncontrolled term რაჭა- ლეჩხუმის ვაზის ჯიშები
942 ## - ADDED ENTRY ELEMENTS (KOHA)
Koha item type წიგნი
ეგზემპლარები
Withdrawn status Lost status Damaged status Not for loan Date acquired Barcode Date last seen Price effective from Koha item type
        2018-12-17 19974 2018-12-17 2018-12-17 წიგნი
        2018-12-17 19975 2018-12-17 2018-12-17 წიგნი